Länder, die Vietnam am Nächsten Liegen - Statistiken

Allgemein
  • Dieses Quiz wurde 22.554 mal gespielt
  • Das Durchschnittsergebnis liegt bei 17 aus 20
Antwortstatistiken
Km Land % Korrekt
0 China
99%
725 Indien
95%
104 Thailand
95%
600 Indonesien
94%
0 Laos
93%
1558 Japan
90%
0 Kambodscha
89%
390 Malaysia
88%
126 Myanmar
87%
2221 Südkorea
87%
2405 Nordkorea
86%
1492 Nepal
85%
805 Singapur
85%
985 Bangladesch
84%
945 Philippinen
83%
1131 Bhutan
80%
1088 Taiwan
80%
2026 Mongolei
74%
2439 Sri Lanka
71%
956 Brunei
70%
Keine übereinstimmenden Quizze gefunden
Verteilung der Resultate
Anzahl Personen mit jedem Resultat
Perzentil nach korrekt beantworteten Fragen
Ihre Resultats-Entwicklung
Sie haben dieses Quiz noch nicht gespielt